All NHL Teams Ever - Statistics

General Stats
  • This quiz has been taken 244 times
  • The average score is 48 of 60
Answer Stats
Hint Answer % Correct
2006-Present Anaheim Ducks
95%
1924-Present Boston Bruins
95%
1979-1996 Winnipeg Jets
95%
2011-Present Winnipeg Jets
95%
1932-Present Detroit Red Wings
94%
1972-1980 Atlanta Flames
93%
1980-Present Calgary Flames
93%
1993-Present Dallas Stars
93%
2014-Present Arizona Coyotes
92%
1997-Present Carolina Hurricanes
92%
1986-Present Chicago Blackhawks
92%
1926-1986 Chicago Black Hawks
92%
1979-Present Edmonton Oilers
92%
1917-Present Montreal Canadiens
92%
1926-Present New York Rangers
92%
1992-Present Ottawa Senators
92%
1883-1934 Ottawa Senators
92%
1967-Present Philadelphia Flyers
92%
1996-2014 Phoenix Coyotes
92%
1967-Present Pittsburgh Penguins
92%
2017-Present Vegas Golden Knights
92%
1995-Present Colorado Avalanche
91%
2000-Present Minnesota Wild
91%
1972-Present New York Islanders
91%
1991-Present San Jose Sharks
91%
1927-Present Toronto Maple Leafs
91%
2000-Present Columbus Blue Jackets
90%
1992-Present Tampa Bay Lightning
89%
1979-1997 Hartford Whalers
88%
1967-Present Los Angeles Kings
88%
1967-1993 Minnesota North Stars
88%
1998-Present Nashville Predators
88%
1979-1995 Quebec Nordiques
88%
1993-2006 Mighty Ducks of Anaheim
87%
1982-Present New Jersey Devils
87%
1967-Present St. Louis Blues
87%
1970-Present Vancouver Canucks
87%
1974-Present Washington Capitals
87%
1970-Present Buffalo Sabres
86%
1999-2011 Atlanta Thrashers
84%
1976-1982 Colorado Rockies
70%
1924-1938 Montreal Maroons
68%
1967 California Seals
62%
1993-Present Florida Panthers
62%
1967-1970 Oakland Seals
62%
1917-1919 Tortonto Arenas
61%
1941-1942 Brooklyn Americans
60%
1974-1976 Kansas City Scouts
60%
1925-1941 New York Americans
60%
1919-1927 Toronto St. Patricks
60%
1970-1976 California Golden Seals
59%
1976-1978 Cleveland Barons
58%
1920-1925 Hamilton Tigers
54%
1925-1930 Pittsburgh Pirates
53%
1917-1918 Montreal Wanderers
51%
1878-1920 Quebec Bulldogs
48%
1926-1930 Detroit Cougars
46%
1930-1931 Philadelphia Quakers
45%
1930-1932 Detroit Falcons
42%
1934-1935 St. Louis Eagles
42%
No matching quizzes found
Score Distribution
Percent of People with Each Score
Percentile by Number Answered
Your Score History
You have not taken this quiz